00761 2200277 4500001002100000005001700021008004100038020001800079035002400097082001000121090001700131100002000148245007100168250001100239260002500250300003100275440002200306500004700328650002100375650001500396700002300411850001500434980001300449985000600462999001500468YOGYA-0209000003057020090227024504.0 ind  a979-431-106-5 0010-020900000030570 a158.1 a158.1bShe C aSHEPARD, Martin aCara hidup bahagiacMartin Shepardl; alih bahasa Surya Satyanegara aCet. 2 aJakartabArcanc1991 aviii, 191 hlmbilusc19 cm aPsikologi populer aJudul asli : Do it your self psychotherapy aKebahagiaan diri aPsikoplogi aSurya, Satyanegara aYOPDYOG(B) a19-07-06 a1 a95P0065427